000 00501nam a2200181Ia 4500
999 _c15173
_d15173
003 OSt
005 20201116103103.0
008 190216s9999||||xx |||||||||||||| ||und||
020 _a8175960671
040 _coclc
082 _a425
_bHEW/A
100 _aHewings, Martin
_96377
245 0 _aAdvanced English Grammar /
_cMartin Hewings
250 _a6th Ed.
260 _bCambridge Uty Press,
_c2004.
_aNew delhi:
300 _a340p
942 _cBK
_2ddc
_h425
_iHEW/A
_k425
_mHEW/A